Čakajú nás najmenej dva úspešné roky rozhovor s guvernérom NBS Jozefom Makúchom
Rozhovor s guvernérom Národnej banky SR, Jozefom Makúchom ohľadom jeho pracovnej pozície. Pohľad na finančnú minulosť a súčasnosť Slovenska.
Gespeichert in:
| 1. Verfasser: | |
|---|---|
| Weitere Verfasser: | |
| Format: | Buchkapitel |
| Sprache: | Slowakisch |
| Schlagworte: | |
| Tags: |
Keine Tags, Fügen Sie das erste Tag hinzu!
|
MARC
| LEADER | 00000naa a2200000 4500 | ||
|---|---|---|---|
| 001 | 0268135 | ||
| 005 | 20240502074215.2 | ||
| 041 | 0 | |a slo | |
| 044 | |a SK | ||
| 245 | 1 | 0 | |a Čakajú nás najmenej dva úspešné roky |b rozhovor s guvernérom NBS Jozefom Makúchom |c Iveta Grznárová, Jozef Makúch |
| 520 | |a Rozhovor s guvernérom Národnej banky SR, Jozefom Makúchom ohľadom jeho pracovnej pozície. Pohľad na finančnú minulosť a súčasnosť Slovenska. | ||
| 610 | 2 | 0 | |a bankovníctvo |
| 610 | 2 | 0 | |a osobnosť |
| 610 | 2 | 0 | |a financie |
| 610 | 2 | 0 | |a gramotnosť finančná |
| 100 | 1 | |a Grznárová, Iveta | |
| 700 | 1 | |a Makúch, Jozef, 1953- | |